000 00943nam a22002537a 4500
005 20250922132854.0
008 250911b |||||||| |||| 00| 0 eng d
020 _a9781447365938
082 _a320.6 BUU
100 _aBuuren, Arwin van
245 _aPolicy-Making as Designing:
_bThe Added value of Design Thinking for Public Administration and Public Policy /
_cedited by Arwin van Buuren, Jenny M. Lewis and B. Guy Peters
260 _aBristol
_bBristol University Press
_c2023
300 _aviii, 235p.;
_c20cm.
365 _bRs. 10230.00
440 _aNew Perspectives in policy and Politics
521 _aNew Perspectives in Policy and Politics is edited by Sarah Ayres, Steve Martin and Felicity Mathews
650 _aPolicy sciences
650 _aPublic administration
650 _aDesign thinking
650 _aCommunication in organizations
700 _aLewis, J. M.
700 _aPeters, B. G.
942 _2ddc
_cBK
999 _c213786
_d213786